000 00269nam a2200097Ia 4500
008 200302s9999 xx 000 0 und d
100 _aRao Bikaji Sansthan
245 _aA Gold Flake Presentation Bikaner
260 _bCross Section Publications Pvt. Ltd.
300 _a213 P.,
999 _c1558
_d1558